Devine le joueur de foot #13 - Statistiques

Statistiques générales
  • Ce quiz a été pris 142 fois
  • Le résultat moyen est 15 sur 20
Statistiques - réponses
Par images Réponse % Correct
Karim Benzema
100%
Vítor Machado Ferreira
97%
Alisson Ramsés Becker
94%
Franck Ribéry
92%
Patrick Vieira
88%
Ederson Santana de Moraes
87%
Gonzalo Higuaín
86%
André-Pierre Gignac
81%
John Terry
78%
Reece James
77%
Wissam Ben Yedder
77%
Sandro Tonali
76%
Martin Braithwaite
71%
Manu Koné
70%
Gabriel dos Santos Magalhães
69%
Nemanja Matić
68%
Kalidou Koulibaly
64%
Dani Parejo
61%
Weston McKennie
54%
Étienne Capoue
50%
Aucun quiz correspondant
Distribution des résultats
% des personnes avec chaque résultat
Percentile par nombre de réponses
Votre historique - résultats
Vous n’avez pas pris ce quiz